| Tag |
First Indicator |
Second Indicator |
Subfields |
| LEADER |
00000cam a2200000 4500 |
| 001 |
in00000453076 |
| 005 |
20151012085626.0 |
| 008 |
781218s1965 nyua b 00000 eng |
| 010 |
|
|
|a 65011636
|
| 035 |
|
|
|a (OCoLC)04470881
|
| 035 |
|
|
|9 ABY3261AM
|
| 040 |
|
|
|a DLC
|c NRC
|d TXA
|d UtOrBLW
|
| 049 |
|
|
|a TXAM
|c [415858]
|
| 050 |
0 |
0 |
|a Q159
|b .F7
|
| 082 |
0 |
|
|a 501
|
| 092 |
|
|
|a 501
|b F911p, 1965
|
| 100 |
1 |
|
|a Friedlander, Ernst.
|
| 245 |
1 |
0 |
|a Psychology in scientific thinking.
|
| 264 |
|
1 |
|a New York :
|b Philosophical Library,
|c [1965]
|
| 300 |
|
|
|a 143 pages :
|b illustrations ;
|c 22 cm.
|
| 336 |
|
|
|a text
|b txt
|2 rdacontent
|
| 337 |
|
|
|a unmediated
|b n
|2 rdamedia
|
| 338 |
|
|
|a volume
|b nc
|2 rdacarrier
|
| 504 |
|
|
|a Bibliography: pages 135-143.
|
| 650 |
|
0 |
|a Science.
|
| 999 |
|
|
|a MARS
|
| 999 |
f |
f |
|s 63497dd0-b8ff-3175-80e2-afc64b55883e
|i 3a39e886-b222-3650-9edc-c6a2e4425070
|t 0
|
| 952 |
f |
f |
|p ric
|a Texas A&M University
|b Rellis Campus
|c Joint Library Facility
|d Remote Storage
|t 0
|e Q159 .F7
|h Library of Congress classification
|i unmediated -- volume
|m A14800890915
|
| 998 |
f |
f |
|a Q159 .F7
|t 0
|l Remote Storage
|